000 00502nam a2200205Ia 4500
999 _c95599
_d95599
003 0100
005 20171122153819.0
008 130307s9999 xx 000 0 und d
040 _cARRUPELIB
050 _aGN475.D735 1970
245 _aWitchcraft confessions & accusations
260 _aLondon
_bTavistock Publications
_c1970
440 _a387p. ; 22cm.
_937701
650 _aWitchcraft
_95769
700 _aDouglas, Mary (ed.)
_937702
942 0 0 _01
_2lcc
_cMONOGRAPH